000 00300nam a2200121 a 4500
005 20141022142006.0
008 080929s19uu xx 00 eng d
050 _aCD
_bD84 2002
245 _aManaging in the next society.
650 _aCD.
650 _aManaging in the next society.
942 _cAVM
999 _c276516
_d276516